=LDR 00000nam 2200000 4500 =001 INLIS000000000020485 =990 ##$$a 21302722 =005 20200924092250 =990 ##$$a 20611784 =035 ##$$a 0010-061300000020485 =990 ##$$a 20611785 =008 200924################g##########0#ind## =990 ##$$a 20611786 =041 ##$$a Ind =990 ##$$a 20611787 =082 ##$$a 301 =990 ##$$a 21302721 =090 ##$$a 301, Rat s =990 ##$$a 21302720 =100 ##$$a Ritzer, George =990 ##$$a 21302719 =245 1#$$a Sosiologi ilmu pengetahuan berparadigma ganda /$c George Ritzer ; penerjemah, Alimadan =990 ##$$a 21302723 =260 ##$$a Jakarta :$b Raja Grafindo Persada,$c 2013 =300 ##$$a vii, 151 hlm, ; $c 21 x 14 cm. =650 #4$$a Sosiologi =850 ##$$a NBPNMAT =020 ##$$a 978-421-888-x =084 ##$$a 301 RIT s =500 ##$$a Judul asli : Sociology : A Multiple Paradigm Science =990 ##$$a 20611784 =990 ##$$a 20611785 =990 ##$$a 20611786 =990 ##$$a 20611787 =990 ##$$a 21302721 =990 ##$$a 21302720 =990 ##$$a 21302719 =990 ##$$a 21302723 =990 ##$$a 21302722